00350nam a2200121Ia 4500008004100000040001800041041001200059082001500071100001100086245011100097260000900208300001100217230917s9999||||xx |||||||||||||| ||und|| e5002583aMAIN aEnglish a158.3 S16C aShallu 0aComparative efficacy positive psychotherapy and cognitive behavioural therapy in major depressive disorder c2021 a164 p.